000 00306nam a22001337a 4500
008 180312b xxu||||| |||| 00| 0 eng d
020 _a9780801318269
041 _aeng
080 _24th
_a311
100 _a55
101 _aSTA
245 _aStatistics for social workers
_cWeinbach,R.W
942 _2udc
_cBK
999 _c44704
_d44704